Food Cubes Quiz Stats

 Plays Quiz Updated May 23, 2015

Also try: Flags of Food
Challenge
Share
Tweet
Score 0/98 Timer 12:00
27 Plays Today
% Correct
Yellow kiwi
96.7%
Kiwi
96.6%
Orange
95.7%
Blood Orange
95.7%
Watermelon
93.9%
Watermelon
93.9%
Red pepper
92.7%
Yellow pepper
92.1%
Orange pepper
91.8%
Red Onion
91.6%
Salmon
90.8%
White Onion
90.1%
Red cabbage
88.5%
Purple cabbage
88.5%
JalapeƱo
87.8%
Cabbage
87.1%
Cabbage
87.1%
Apple
86.6%
Apple
86.6%
Apple
86.6%
Wagyu beef
85.8%
Beef
85.7%
Tomato
85.6%
Button mushroom
84.5%
Button mushroom
84.5%
Portobello Mushroom
83.8%
Oyster mushroom
83.7%
Cantaloupe
83.5%
Yellow Carrot
78.5%
Carrot
78.5%
Carrot
78.5%
Banana
78.2%
Tuna
78.1%
% Correct
Pork Tenderloin
76.5%
Pork Belly
76.4%
Pork Loin
76.4%
Pork Rind
76.4%
Pork
76.4%
Honeydew melon
75.7%
Golden honeydew
75.7%
Lemon
75.5%
Lime
74.8%
Lime
74.8%
Grapefruit
74.3%
Grapefruit
74.3%
Cucumber
73.5%
Pineapple
70.9%
Corn
70.8%
Chicken
70.6%
Beet
69.6%
Yellow beet
69.5%
Candy stripe beet
69.4%
White beet
69.4%
Celery root
68.4%
Sweet potato
68.1%
Pear
66.5%
Avocado
65.5%
Purple potato
64.1%
Potato
61.3%
Butternut squash
60.6%
Pomegranate
60.5%
Winter melon
60.4%
Cauliflower
59.8%
Cauliflower
59.8%
Cauliflower
59.8%
Romanesco broccoli
58.9%
% Correct
Mango
58.6%
Purple Broccoli
58.5%
Broccoli
58.4%
Pumpkin
56.6%
Dragon fruit
55.6%
Eggplant
54%
Eggplant
54%
Coconut
53.1%
Green papaya
52.7%
Papaya
52.7%
Yellow zucchini
51.7%
Zucchini
51.7%
Starfruit
50%
Jicama
45.4%
Leek
44.3%
Rainbow trout
41.9%
Brook trout
41.7%
Sablefish
41.2%
Sugar cane
39.5%
Radish
39.3%
Rutabaga
34.7%
Liver
32.9%
Striped bass
30.9%
Garlic
26.4%
Ginger
24.1%
Mackerel
20.7%
Endive
18.5%
Endive
18.5%
Red Snapper
16.7%
Persimmon
14.5%
Pomelo
11.7%
Heart of palm
10.5%

You're not logged in!

Compare scores with friends on all Sporcle quizzes.
Join for Free
OR
Log In

You Might Also Like...

Show Comments

Extras

Top Quizzes Today


Score Distribution

Your Account Isn't Verified!

In order to create a playlist on Sporcle, you need to verify the email address you used during registration. Go to your Sporcle Settings to finish the process.

Report this User

Report this user for behavior that violates our Community Guidelines.

Details: